000
00297nam a2200121Ia 4500
008
190216s9999||||xx |||||||||||||| ||und||
100
_a
Oliver Gold Smith
245
0
_a
She Stoops To Conquer
260
_b
Mac Millian And Com. Ltd
_c
1951
300
_a
107p
650
_a
English Drama
942
_c
BK
999
_c
11630
_d
11630